000 00323nam a2200133Ia 4500
008 150201s2004 xx 000 0 und d
082 _a615
_bE04S
100 _aSINGH,SURENDER
245 _aESSENTIALS OF PHARMACOLOGY
250 _a1ST
260 _bACADEMA PUB.
_aDELHI
_c2004
650 _aPHARMACOLOGY
942 _2ddc
_cBK
_029
999 _c660
_d660